Psicología de las multitudes /
Guardado en:
| Autor Principal: | |
|---|---|
| Formato: | Libro |
| Publicado: |
España :
D. Jorro,
1903
|
| Materias: | |
| Etiquetas: |
Agregar Etiqueta
Sin Etiquetas, Sea el primero en etiquetar este registro!
|
| LEADER | 00429nam a22001575a 4500 | ||
|---|---|---|---|
| 001 | CEM.cems003773 | ||
| 005 | 19000101000000.0 | ||
| 008 | 130507s1903##################000#0#####d | ||
| 003 | CEMS | ||
| 082 | 0 | 4 | |a 301.15 |
| 100 | 1 | |a Le Bon G. | |
| 245 | 1 | 0 | |a Psicología de las multitudes / |
| 260 | |a España : |b D. Jorro, |c 1903 | ||
| 300 | |a 252 p. | ||
| 653 | |a Muchedumbres-psicologia | ||
| 859 | |a CEMS |b BIB. CEMS - 11 de abril |h 301.15 |i L46 |p 2241.74 |t Ej.1 | ||
